01478nam a2200409 i 450000100060000000300090000600500170001500800390003201500170007102000150008804000280010308000150013108000120014610000370015824501430019524600360033825000140037426000480038830000470043638000160048338800140049938800140051349000670052750000490059450400410064365000120068465000150069665000180071165500300072965800160075970000440077570000480081970000410086771000340090883000280094285600980097030497KOSZ 00520220527140131.0970510s1995 pl a f f |000 0 pol aPB 1995/2041 a8301102128 aWA NcWA NdKOSZ 005/HR a159.92/.95 a(075.8)1 aGrabowska, Annad(1948- )eAutor10aProcesy percepcji /cAnna Grabowska, Wanda Budohoska. Myślenie i rozwiązywanie problemów. Podejmowanie decyzji / Józef Kozielecki.14aPercepcja, myślenie, decyzje. a[Wyd. 2]. aWarszawa :bWydawnictwo Naukowe PWN,c1995. a197, [3] s. :bfot., rys., wykr. ;c24 cm. aKsiążki a1901-2000 a1989-20001 aPsychologia ogólna / pod red. Tadeusza Tomaszewskiego ;v[1] aTyt. okł. : Percepcja, myślenie, decyzje. aBibliogr. s. 189-194 i przy pracach. 4aDecyzje 4aMyślenie 4aSpostrzeganie 4aPodręczniki akademickie aPsychologia1 aKozielecki, Józefd(1936-2017)eAutor1 aTomaszewski, Tadeuszd(1910-2000)eRedakcja1 aBudohoska, Wandad(1920-1997)eAutor2 aWydawnictwo Naukowe PWN4pbl. 0aPsychologia ogólnav141uhttp://koha.tu.koszalin.pl/cgi-bin/koha/opac-detail.pl?biblionumber=30497zKatalog online BPK